LEADER 01062nam0 22002891i 450 001 UON00388680 005 20231205104601.611 010 $a28-929510-5-4 100 $a20110218d1994 |0itac50 ba 101 $afre 102 $aCA 105 $a|||| ||||| 200 1 $aBousille et les justes$ethéâtre$fGratien Gélinas 205 $aNouvelle éd 210 $aMontréal$cTypo$dc1994 215 $a110 p.$cill.$d18 cm. 410 1$1001UON00388396$12001 $aTypo. Théâtre$1210 $aMontréal$cTypo.$v93 620 $aCA$dMontréal$3UONL000242 676 $a842.9$cLetteratura drammatica francese, 1900-$v21 700 1$aGÉLINAS$bGratien$3UONV200133$0704939 712 $aTypo$3UONV268013$4650 801 $aIT$bSOL$c20240220$gRICA 899 $aSIBA - SISTEMA BIBLIOTECARIO DI ATENEO$2UONSI 912 $aUON00388680 950 $aSIBA - SISTEMA BIBLIOTECARIO DI ATENEO$dSI CAN I C GEL 04 $eSI DA 3216 7 04 996 $aBousille et les justes$91355008 997 $aUNIOR LEADER 01117nam0 22002891i 450 001 UON00056222 005 20231205102247.694 100 $a20020107d1977 |0itac50 ba 101 $ahin 102 $aIN 105 $a|||| 1|||| 200 1 $aAdyatana$fSacchidananda Vatsyayana 210 $aDilli$cSarasvati Vihara$d1977 215 $a168 p.$d21 cm 606 $aLingua hindi$xStudi$3UONC001201$2FI 620 $aIN$dNew Delhi$3UONL000110 686 $aSI II IND CC$cSUBCONT. INDIANO - LINGUE INDOARIE - HINDI - STUDI SPECIFICI$2A 700 0$aAJNEYA$3UONV004330$0637868 712 $aSarasvati Vihara$3UONV254919$4650 790 1$aVATSYAYAN, Saccidanand Hiracand$zAJNEYA$3UONV005514 790 1$aAJNEYA, Sacchidananda Hirachanda Vatsyayana$zAJNEYA$3UONV038497 801 $aIT$bSOL$c20250718$gRICA 899 $aSIBA - SISTEMA BIBLIOTECARIO DI ATENEO$2UONSI 912 $aUON00056222 950 $aSIBA - SISTEMA BIBLIOTECARIO DI ATENEO$dSI SI II Ind Cc 074 $eSI SA 13070 5 074 996 $aAdyatana$91148607 997 $aUNIOR